00775cam a2200205 a 450000100100000000500170001000800410002702000150006804000250008308200170010810000380012524500380016326000320020130000210023365000310025465000350028595201140032095201200043499900150055400000380420200929150557.0921117s1992 xxu 001 1 eng  a0525934553 aDO-SdBNPbspacBNPHU a813.54bO11b1 aOates, Joyce Carol,d1938-91154910aBlack water /cJoyce Carol Oates. aNew York :bDutton ,c1992. a154 p. ;c21 cm. 4aNovela estadounidense9262 4aLiteratura estadounidense9263 001050718MOaGRbGRcHDd2009-07-13iLF1l0o813.54 O11bp3804-10r2020-06-25w2020-06-25y1ZNo se presta 001150718MOaGRbGRcMId2017-05-19iLF1l0o813.54 O11bp3804-20r2020-06-25te. 2w2020-06-25y1ZNo se presta c3626d3626